000 01075nam0a22002771 4500
001 rc\2816098
005 20250806211219.0
035 _a(NLR Aleph) 006941831
090 _a19618
_c19618
100 _a20110915d1945 u y0rusy50 ca
101 0 _arus
102 _aRU
105 _aab j |||||
200 1 _aГеография
_eУчебник для 4-го класса нач. школы
_eУтв. НКП РСФСР
_fЛ. Г. Терехова, В. Г. Эрдели
205 _a12-е изд.
210 _aМосква
_cУчпедгиз
_d1945
_gОбразцовая тип.
215 _a124 с., 2 л. карт.
_cил., схем.
_d22 см.
700 1 _aТерехова
_bЛ. Г.
_gЛидия Григорьевна
_3RU\NLR\AUTH\770278601
701 1 _aЭрдели
_bВ. Г.
_f1886-1968
_gВладимир Георгиевич
_3RU\NLR\AUTH\770268140
801 0 _aRU
_bNLR
_gpsbo
801 1 _aRU
_bELAR
_2rusmarc
852 _aNLR
_jГ20 Г-5/11
942 _cBOOK
945 _aРоссийская национальная библиотека
980 _aNB
980 _aBV